Sports Quiz

Random Sports or NBA Quiz
Score 0/30 Timer 10:00
0 Plays Today
% Correct
Kawhi Leonard
72.5%
Dwyane Wade
59.8%
Tracy McGrady
51.4%
John Wall
50.2%
Blake Griffin
48.9%
Allen Iverson
48.3%
Lance Stephenson
39.3%
Penny Hardaway
38.4%
Dwight Howard
37.8%
Devin Booker
34.4%
Kemba Walker
30.8%
Deron Williams
27.2%
Jeremy Lin
26.9%
Draymond Green
23.9%
Paul Pierce
23.3%
% Correct
Andre Iguodala
19.6%
Jamal Crawford
17.5%
Steve Nash
15.1%
Tony Parker
14.2%
Vince Carter
13.6%
Charles Barkley
11.8%
Brandon Roy
11.8%
OJ Mayo
9.1%
Amare Stoudemire
6.9%
Lamar Odom
6%
Jimmer Fredette
4.8%
Kristaps Porzingis
4.5%
Rasheed Wallace
3.6%
Emmanuel Mudiay
2.7%
Yi Jianlian
2.4%
Remove Ads.
Support Sporcle.
Get the best of Sporcle when you Go Orange. This ad-free experience offers more features, more stats, and more fun while also helping to support Sporcle. Thank you for becoming a member.

You're not logged in!

Compare scores with friends on all Sporcle quizzes.
OR
Log In

Sporcle TV

Today on Sporcle TV


Watch our educational content, quiz creation guides, and fun videos on Sporcle TV.

Show Comments

Extras

Top Quizzes Today


Score Distribution

Paid Content

Your Account Isn't Verified!

In order to create a playlist on Sporcle, you need to verify the email address you used during registration. Go to your Sporcle Settings to finish the process.

Report this User

Report this user for behavior that violates our Community Guidelines.

Details: